Sigamos creciendo con nuestros hijos / (Registro nro. 14712)

Detalles MARC
000 -LIDER
fixed length control field 00947nam a22003137a 4500
001 - NÚMERO DE CONTROL
Identificador de número de control 000513
003 - IDENTIFICACDOR DE NÚMERO DE CONTROL
control field DO-SdBNP
005 - DATE AND TIME OF LATEST TRANSACTION
control field 20240703103224.0
007 - CAMPOS FIJOS DE DESCRIPCIÓN FÍSICA
fixed length control field 000513
008 - ELEMENTOS DE LONGITUD FIJA
fixed length control field 160902b2001 cl 00| 0 spa d
020 ## - ISBN
International Standard Book Number 9780460825
040 ## - FUENTE DE CATALOGACIÓN
Agencia que crea de manera original el registro BPMSU
Idioma de catalogación spa
Agencia que realiza la transcripción BPMSU
082 #4 - NÚMERO DE CLASIFICACIÓN DECIMAL DE DEWEY
Classification number 306.85
Item number M389s 2001
Edition number 22
100 1# - ASIENTO PRINCIPAL -- NOMBRE PERSONAL
Nombre personal Marulanda, Ángela.
245 10 - MENCIÓN DE TITULO
Título Sigamos creciendo con nuestros hijos /
Subtítulo Ángela Marulanda.
Mención de responsabilidad
260 ## - PUBLICACIÓN, DISTRIBUCIÓN, ETC. (PIE DE IMPRENTA)
Lugar de publicación, distribución, etc Bogotá :
Nombre del editor, distribuidor, etc. Editorial Norma,
Fecha de publicación, distribución, etc 2001
Nombre del editor, distribuidor, etc.
300 ## - DESCRIPCIÓN FÍSICA
Extensión 272 p. :
Otros detalles físicos il. ;
Dimensiones 24 cm.
500 ## - NOTA GENERAL
Nota general Incluye datos de la autora en la solapa de la cubierta.
500 ## - NOTA GENERAL
Nota general
500 ## - NOTA GENERAL
Nota general
504 ## - NOTA DE BIBLIOGRAFÍA, ETC.
Bibliography, etc Bibliografía : p. 267-269<br/>
590 ## - NOTA LOCAL
Texto de la nota local Inventariado, 2024/VM
650 #4 - ENCABEZAMIENTO DE MATERIA--TEMÁTICO
Término temático o nombre geográfico como elemento de entrada Educación para la vida familiar
650 #4 - ENCABEZAMIENTO DE MATERIA--TEMÁTICO
Término temático o nombre geográfico como elemento de entrada Conducta (Ética)
650 #4 - ENCABEZAMIENTO DE MATERIA--TEMÁTICO
Término temático o nombre geográfico como elemento de entrada Educación en el hogar
700 1# - ASIENTO SECUNDARIO -- NOMBRE PERSONAL
Nombre personal Forero de Francisco, Catalina,
Mención de responsabilidad col.
910 ## - VALIDACIÓN
Validación VMateo V. Control de calidad, BPMSU
942 ## - ADDED ENTRY ELEMENTS (KOHA)
Source of classification or shelving scheme Dewey Decimal Classification
Koha item type Libros
Existencias
Withdrawn status Lost status Source of classification or shelving scheme Damaged status Not for loan Collection code Home library Current library Date acquired Total Checkouts Full call number Barcode Date last seen Price effective from Koha item type
    Dewey Decimal Classification     Colección General Biblioteca Pública Metropolitana Salomé Ureña Biblioteca Pública Metropolitana Salomé Ureña 07/03/2024   BPMSU CG 306.85 M389s 2001 BPMSU24070009 07/03/2024 07/03/2024 Libros